Neuron (Record no. 14082)
[ view plain ]
| 000 -LEADER | |
|---|---|
| fixed length control field | 00433cas a22001577a 4500 |
| 022 0# - INTERNATIONAL STANDARD SERIAL NUMBER | |
| ISSN | 1097-4199 |
| 040 ## - CATALOGING SOURCE | |
| Transcribing agency | NSD |
| 082 10 - DEWEY DECIMAL CLASSIFICATION NUMBER | |
| Classification number | 591 CEL 1999 A057 Or. |
| 245 10 - TITLE STATEMENT | |
| Title | Neuron |
| 260 ## - PUBLICATION, DISTRIBUTION, ETC. (IMPRINT) | |
| Place of publication | Cambridge, MA : |
| Name of publisher | Cell Press |
| 500 ## - GENERAL NOTE | |
| General note | Title from title screen. |
| 650 #0 - SUBJECT ADDED ENTRY--TOPICAL TERM | |
| Topical Term | Neurons |
| 710 2# - ADDED ENTRY--CORPORATE NAME | |
| Corporate name or jurisdiction name as entry element | Thomson Gale (Firm) |
| 856 40 - ELECTRONIC LOCATION AND ACCESS | |
| Uniform Resource Identifier | http://MY2VS8LV9P.search.serialssolutions.com/?V=1.0&L=MY2VS8LV9P&S=JCs&C=NEURCAMMA&T=marc |
| 942 ## - ADDED ENTRY ELEMENTS (KOHA) | |
| Koha item type | សៀវភៅភាសាអង់គ្លេស |
| 952 ## - LOCATION AND ITEM INFORMATION (KOHA) | |
| Withdrawn status [LOCAL, KOHA] | 0 |
| Permanent Location | Date acquired | Koha item type | Lost status | Shelving location | Barcode | Current Location | Full call number |
|---|---|---|---|---|---|---|---|
| Library Block A | 2017-10-06 | សៀវភៅភាសាអង់គ្លេស | A057 | A17858 | Library Block A | 591 CEL 1999 A057 Or. |